| 000 | 00375nam a2200133Ia 4500 | ||
|---|---|---|---|
| 003 | GCL | ||
| 008 | 140319s9999 xx 000 0 ara d | ||
| 040 |
_aGCL / _cGCL |
||
| 082 | 0 | 4 |
_a819.9 _bع ت |
| 100 | 1 | _aعباس محمود العقاد | |
| 245 | 1 | 0 |
_aالتفكير : فريضة اسلام / _cعباس محمود العقاد |
| 300 | _a149 ص | ||
| 490 |
_a100 قصة _v0 |
||
| 999 |
_c43332 _d43332 |
||